Tutte le lettere / (Record no. 13803)

MARC details
000 -LEADER
campo de control de longitud fija 00826nam a2200253 i 4500
001 - NÚMERO DE CONTROL
campo de control 13803
003 - IDENTIFICADOR DE NÚMERO DE CONTROL
campo de control ES-MaACL
005 - FECHA Y HORA DE LA ÚLTIMA TRANSACCIÓN
campo de control 20230906150651.0
007 - CAMPO FIJO DE DESCRIPCIÓN FÍSICA--INFORMACIÓN GENERAL
campo de control de longitud fija t|
008 - DATOS DE LONGITUD FIJA--INFORMACIÓN GENERAL
campo de control de longitud fija 980707s1986 it ||||1| ita d
080 ## - NÚMERO DE LA CLASIFICACIÓN DECIMAL UNIVERSAL
Número de la Clasificación Decimal Universal 929 Manzoni, Alessandro
080 ## - NÚMERO DE LA CLASIFICACIÓN DECIMAL UNIVERSAL
Número de la Clasificación Decimal Universal 821.131.1-6"18"
100 1# - ENTRADA PRINCIPAL--NOMBRE DE PERSONA
Nombre de persona Manzoni, Alessandro.
9 (RLIN) 76238
245 10 - MENCIÓN DEL TÍTULO
Título Tutte le lettere /
Mención de responsabilidad, etc. Alessandro Manzoni ; a cura di Cesare Arieti ; con un'aggiunta di lettere inedite o disperse a cura di Dante Isella.
260 ## - PUBLICACIÓN, DISTRIBUCIÓN, ETC.
Lugar de publicación, distribución, etc. Milano :
Nombre del editor, distribuidor, etc. Adelphi,
Fecha de publicación, distribución, etc. 1986.
300 ## - DESCRIPCIÓN FÍSICA
Extensión 3 v. ;
Dimensiones 21 cm.
490 1# - MENCIÓN DE SERIE
Mención de serie Classici ;
Designación de volumen o secuencia 50
600 14 - PUNTO DE ACCESO ADICIONAL DE MATERIA--NOMBRE DE PERSONA
Nombre de persona Manzoni, Alessandro-
Subdivisión general Correspondencia.
9 (RLIN) 76239
700 1# - ENTRADA AGREGADA--NOMBRE PERSONAL
Nombre de persona Arieti, Cesare.
9 (RLIN) 22824
700 1# - ENTRADA AGREGADA--NOMBRE PERSONAL
Nombre de persona Isella, Dante.
9 (RLIN) 65552
830 0# - PUNTO DE ACCESO ADICIONAL DE SERIE-TÍTULO UNIFORME
Título uniforme Classici ;
Designación de volumen o secuencia 50
9 (RLIN) 228460
852 ## - LOCALIZACIÓN
Ubicación ES-MaACL
Número de control de estantería L-21125-7
Sublocalización o colección R.122809
Holdings
Estatus retirado Estado de pérdida Estado de daño No para préstamo Biblioteca de origen Biblioteca actual Ubicación en estantería Fecha de adquisición Fuente de adquisición Total de préstamos Signatura topográfica completa Código de barras Visto por última vez Precio de reemplazo Tipo de ítem Koha
        Biblioteca del Ateneo de Madrid Biblioteca del Ateneo de Madrid Depósito 2 17/01/2008     L-21125-7 1014047 23/02/2023 23/02/2023 Libro impreso